000 01360cam a22002535a 4500
001 L127577
008 140226s2013 xxk f 001 0 eng d
020 _a9780080971322
035 _a(Sirsi) u127577
041 0 _aeng
050 0 4 _a728.0942 $2 18
100 1 _aSanto, Philip
245 0 0 _aInspections and reports on dwellings
_bassessing age
250 _a2nd ed
260 _aLondon
_bRoutledge
_c2013
260 _aLondon
_bEstates Gazette
_c2013
300 _a274p.
_bill.
_c25cm.
520 _aFocuses on age assessment, a key factor used in surveying buildings, carriying out valuations, calculating reinstatement costs and building defects. Broken down into 13 age bands, spanning the periods pre 1670 through to post 2000 with colour photographs of examples dwellings for each period. Each age band includes a commentary highlighting the social, economic and technical circumstances of the time. An overview of the photographs draws attention to the particular features, which help to place a dwelling within one of the defined periods. The wide range of dwellings covered should provide the necessary assistance towards identifying the age of a dwelling in any part of the UK. Bibliography.
651 4 _aUnited Kingdom
_y
690 _aResidential property
_96266
700 1 _aMelville, Ian A
700 1 _aGordon, Ian A.
942 _n0
999 _c103807
_d103807